书目信息 |
| 题名: |
分子遗传学
|
|
| 作者: | 李振刚 编著 | |
| 分册: | ||
| 出版信息: | 北京 科学出版社 2008 |
|
| 页数: | 499页 | |
| 开本: | 26cm | |
| 丛书名: | ||
| 单 册: | ||
| 中图分类: | Q75 | |
| 科图分类: | ||
| 主题词: | 分子遗传学--高等教育--教材 , 分子遗传学 | |
| 电子资源: | ||
| ISBN: | 978-7-03-020134-8 | |
| 000 | 00956nam0 2200265 45 | |
| 001 | 1130186594 | |
| 005 | 20110309141659.76 | |
| 010 | @a978-7-03-020134-8@dCNY45.00 | |
| 100 | @a20110107e20102008ekmy0chiy0120 ea | |
| 101 | 0 | @achi |
| 102 | @aCN@b110000 | |
| 105 | @aa z 000yy | |
| 106 | @ar | |
| 200 | 1 | @a分子遗传学@AFen Zi Yi Chuan Xue@f李振刚编著@FLi Zhen Gang Bian Zhu |
| 205 | @a3版 | |
| 210 | @a北京@c科学出版社@d2008@h2010 | |
| 215 | @a499页@c图,图版@d26cm | |
| 300 | @a普通高等教育“十一五”国家级规划教材 | |
| 330 | @a本书以基因、染色质的结构与功能为基础,以真核细胞的基因调控为重点,以核酸与蛋白质的相互作用为线索,对蛋白质遗传、RNA遗传进行了论述,对分子生物学的基石——中心法则,从分子遗传学的角度进行了探讨,提出了广义中心法则。 | |
| 606 | 0 | @a分子遗传学@x高等教育@j教材 |
| 606 | 0 | @a分子遗传学 |
| 690 | @aQ75@v4 | |
| 701 | 0 | @a李振刚@ALi Zhen Gang@4编著 |
| 801 | 0 | @aCN@bTANGWEI@c20110309 |
| 905 | @b0530278-81@dQ75@e153=3@f4 | |
| 分子遗传学/李振刚编著.-3版.-北京:科学出版社,2008(2010) |
| 499页:图,图版;26cm |
| 普通高等教育“十一五”国家级规划教材 |
| ISBN 978-7-03-020134-8:CNY45.00 |
| 本书以基因、染色质的结构与功能为基础,以真核细胞的基因调控为重点,以核酸与蛋白质的相互作用为线索,对蛋白质遗传、RNA遗传进行了论述,对分子生物学的基石——中心法则,从分子遗传学的角度进行了探讨,提出了广义中心法则。 |
| ● |
| 相关链接 |
|
|
|
|
正题名:分子遗传学
索取号:Q75/153=3
 
预约/预借
| 序号 | 登录号 | 条形码 | 馆藏地/架位号 | 状态 | 备注 |
| 1 | 0530278 | 205302787 | 第二样本阅览室/ [索取号:Q75/153=3] | 在馆 | |
| 2 | 0530279 | 205302796 | 密集书库-生命科学系/ [索取号:Q75/153=3] | 在馆 | |
| 3 | 0530280 | 205302803 | 第三借阅区/ [索取号:Q75/153=3] | 在馆 | |
| 4 | 0530281 | 205302812 | 第三借阅区/ [索取号:Q75/153=3] | 在馆 |